| 000 | 01486nam a2200313 i 4500 | ||
|---|---|---|---|
| 001 | 768714001 | ||
| 003 | CO-MdFUSB | ||
| 005 | 20210203125722.0 | ||
| 007 | ta | ||
| 008 | 201001t1992 nyu |||| |||| 00| 0 eng d | ||
| 020 | _a006069865g | ||
| 040 |
_aCO-MdFUSB _bspa _cCO-MdFUSB _dCO-MdFUSBC _erda |
||
| 041 | _aeng | ||
| 082 |
_223 _a231.4 _bT757 |
||
| 100 |
_aTozer, A.W. _eautor |
||
| 245 | 1 | 4 |
_aThe knowledge of the holy : _bthe attributes of God : their meaning in the Christian life _c/ A. W. Tozer |
| 264 | 1 |
_aNew York : _bHarper San Francisco, _c[1992] |
|
| 264 | 4 | _c© 1992 | |
| 300 |
_a186 páginas _c; 17 cm |
||
| 336 |
_2rdacontent _atexto _btxt |
||
| 337 |
_2rdamedia _asin mediación _bn |
||
| 338 |
_2rdacarrier _avolumen _bnc |
||
| 505 | _aPor qué debemos pensar correctamente acerca de Dios - Dios incomprensible - Un atributo divino, algo verdadero acerca de Dios - La Santísima Trinidad - La auto existencia de Dios - La autosuficiencia de Dios - La eternidad de Dios - La infinitud de Dios - La inmutabilidad de Dios - La omnisciencia divina - La sabiduría de Dios - La omnipotencia de Dios - La trascendencia divina - La omnipresencia de Dios - La fidelidad de Dios - La bondad de Dios - La justicia de Dios - La misericordia de Dios - La gracia de Dios - El amor de Dios - La santidad de Dios - La soberanía de Dios - El secreto a voces. | ||
| 563 | _aRústico | ||
| 650 | 7 |
_9178 _aDios |
|
| 942 | _cBK | ||
| 945 | _aJTF-925 | ||
| 999 |
_c66620 _d66620 |
||